Red fairy (Record no. 71735)
[ view plain ]
| 000 -LEADER | |
|---|---|
| fixed length control field | 00476 a2200157 4500 |
| 005 - DATE AND TIME OF LATEST TRANSACTION | |
| control field | 20150417113647.0 |
| 008 - FIXED-LENGTH DATA ELEMENTS--GENERAL INFORMATION | |
| fixed length control field | 111124t xxu||||| |||| 00| 0 eng d |
| 020 ## - INTERNATIONAL STANDARD BOOK NUMBER | |
| International Standard Book Number | 9789380009391 |
| 080 ## - UNIVERSAL DECIMAL CLASSIFICATION NUMBER | |
| Universal Decimal Classification number | F |
| Item number | LAN/R CL |
| 100 ## - MAIN ENTRY--PERSONAL NAME | |
| Personal name | Lang, Andrew., ed. |
| Role | ed.by |
| 245 ## - TITLE STATEMENT | |
| Title | Red fairy: |
| Remainder of title | the twelve dancing princesses and other stories |
| 260 ## - PUBLICATION, DISTRIBUTION, ETC. (IMPRINT) | |
| Place of publication, distribution, etc | New Delhi |
| Name of publisher, distributor, etc | Mind melodies |
| Date of publication, distribution, etc | 2010 |
| 300 ## - PHYSICAL DESCRIPTION | |
| Extent | 202p. |
| 653 ## - INDEX TERM--UNCONTROLLED | |
| Uncontrolled term | Fairy tales-English literature |
| -- | Fiction-English literature |
| 942 ## - ADDED ENTRY ELEMENTS (KOHA) | |
| item type | Children Collection |
| Lost status | Source of classification or shelving scheme | Not for loan | Home library | Current library | Shelving location | Date acquired | Cost, normal purchase price | Total Checkouts | Total Renewals | Full call number | Barcode | Date last seen | Date checked out | Cost, replacement price | Price effective from | Koha item type |
|---|---|---|---|---|---|---|---|---|---|---|---|---|---|---|---|---|
| Universal Decimal Classification | University Library | University Library | Children's Area | 18/02/2011 | 0.00 | 13 | 1 | F LAN/G CL | 00065399 | 28/01/2026 | 12/12/2025 | 0.00 | 18/02/2011 | Children Collection |
